00633nam a2200229 a 4500001001300000003000900013005001700022008004100039020001000080082001300090100001800103245002200121260005800143300000900201500003500210505001400245650002300259902000800282942000700290952009300297999001300390nice12345678IN_TiNIC20260116011324.0050524s1928 hyda grp 000 0 urd  ac10000a109bWEB aWeber, Alfred aTareekh-E-Falsafa aHyderabadbDarut Taba Jamia Osmania sarkar aalic1928 a534p aincludes index and biblioraphy2 areference aPhilosophy-History bSRS cBK 00104070aHMIbHMId2007-07-31g100.00l0o109 WEBp4798r2007-07-31w2026-01-16yARB c504d504